000 00309nam a22001217a 4500
008 180606b xxu||||| |||| 00| 0 eng d
041 _aeng
080 _a043.3
100 _a0
101 _aSHKI-MTH
245 _aAplikimi i QoS në rrjetat pa tela, simulimi i VoIp ME OPNET
_cHajrullahu,Nj
942 _2udc
_cBK
999 _c46450
_d46450